<?xml version="1.0" encoding="UTF-8"?>
<record
    xmlns:xsi="http://www.w3.org/2001/XMLSchema-instance"
    xsi:schemaLocation="http://www.loc.gov/MARC21/slim http://www.loc.gov/standards/marcxml/schema/MARC21slim.xsd"
    xmlns="http://www.loc.gov/MARC21/slim">

  <leader>01351nam a22002177a 4500</leader>
  <controlfield tag="003">OSt</controlfield>
  <controlfield tag="005">20210607150029.0</controlfield>
  <controlfield tag="008">140917b        xxu||||| |||| 00| 0 eng d</controlfield>
  <datafield tag="020" ind1=" " ind2=" ">
    <subfield code="a">9964960182</subfield>
  </datafield>
  <datafield tag="040" ind1=" " ind2=" ">
    <subfield code="c">LC</subfield>
  </datafield>
  <datafield tag="050" ind1=" " ind2=" ">
    <subfield code="a">KRX4604.3196.M46</subfield>
  </datafield>
  <datafield tag="100" ind1=" " ind2=" ">
    <subfield code="a">Mensa-Bonsu, Henrietta J.A.N.</subfield>
  </datafield>
  <datafield tag="245" ind1=" " ind2=" ">
    <subfield code="a">The annotated criminal offences act of Ghana. /</subfield>
    <subfield code="c">Henrietta J.A.N. Mensa-Bonsu</subfield>
  </datafield>
  <datafield tag="250" ind1=" " ind2=" ">
    <subfield code="a">5th ed.</subfield>
  </datafield>
  <datafield tag="260" ind1=" " ind2=" ">
    <subfield code="a">Accra:</subfield>
    <subfield code="b">Black Mask,</subfield>
    <subfield code="c">2008.</subfield>
  </datafield>
  <datafield tag="300" ind1=" " ind2=" ">
    <subfield code="a">xxxiv, 258 p.:</subfield>
  </datafield>
  <datafield tag="490" ind1=" " ind2=" ">
    <subfield code="a">Criminal Law Series</subfield>
  </datafield>
  <datafield tag="505" ind1=" " ind2=" ">
    <subfield code="a">Contents: Preliminary matters -- General explanations -- Attempts to commit criminal offences -- Abetment and conspiracy -- General exemptions -- Justification force and harm -- Murder and related offences -- Criminal harm to the person -- Assault and similar offences -- Kidnapping, abduction and similar offences -- Sexual offences -- Offences involving dishonesty -- Forgery -- Unlawful damage -- Special offences -- Offences against the security of the state -- Privacy -- Offences against the peace -- Offences  concerning the administration of justice -- Offences relating to public officers and to public elections -- Bigamy and similar offences -- Offences against public morals -- Public nuisance -- Offences relating to animals -- Miscellaneous offences -- </subfield>
  </datafield>
  <datafield tag="653" ind1=" " ind2=" ">
    <subfield code="a">Criminal law -- Ghana</subfield>
  </datafield>
  <datafield tag="942" ind1=" " ind2=" ">
    <subfield code="2">lcc</subfield>
    <subfield code="c">BK</subfield>
  </datafield>
  <datafield tag="999" ind1=" " ind2=" ">
    <subfield code="c">7643</subfield>
    <subfield code="d">15143</subfield>
  </datafield>
  <datafield tag="952" ind1=" " ind2=" ">
    <subfield code="0">0</subfield>
    <subfield code="1">0</subfield>
    <subfield code="2">lcc</subfield>
    <subfield code="4">0</subfield>
    <subfield code="7">0</subfield>
    <subfield code="a">WIUC-KL</subfield>
    <subfield code="b">WIUC-KL</subfield>
    <subfield code="c">LL</subfield>
    <subfield code="d">2019-08-20</subfield>
    <subfield code="o">KRX4604.3196.M46(5e)</subfield>
    <subfield code="p">KSL/038/19</subfield>
    <subfield code="r">2021-06-07 00:00:00</subfield>
    <subfield code="t">1</subfield>
    <subfield code="w">2021-06-07</subfield>
    <subfield code="y">BK</subfield>
  </datafield>
  <datafield tag="952" ind1=" " ind2=" ">
    <subfield code="0">0</subfield>
    <subfield code="1">0</subfield>
    <subfield code="2">lcc</subfield>
    <subfield code="4">0</subfield>
    <subfield code="7">0</subfield>
    <subfield code="a">WIUC-KL</subfield>
    <subfield code="b">WIUC-KL</subfield>
    <subfield code="c">LL</subfield>
    <subfield code="d">2019-08-20</subfield>
    <subfield code="o">KRX4604.3196.M461(5e)</subfield>
    <subfield code="p">KSL/039/19</subfield>
    <subfield code="r">2021-06-07 00:00:00</subfield>
    <subfield code="t">2</subfield>
    <subfield code="w">2021-06-07</subfield>
    <subfield code="y">BK</subfield>
  </datafield>
</record>
